| 000 | 00403nam a2200157Ia 4500 | ||
|---|---|---|---|
| 008 | 221030s9999 xx 000 0 und d | ||
| 020 | _a8120318781 | ||
| 041 | _aEnglish | ||
| 082 |
_a105.23 _bSai |
||
| 100 | _aM. H. Rashid | ||
| 245 | 4 |
_aThe International Dictionary Of Data Communications _cby M. H. Rashid |
|
| 260 |
_bPHI _aNew Delhi _c2001 |
||
| 300 | _a409 | ||
| 650 | _aBE Computer | ||
| 942 | _cBK | ||
| 999 |
_c7778 _d7778 |
||